000 00546nam a2200193Ia 4500
005 20221230124305.0
008 131103s9999 xx 000 0 und d
040 _aLoreto College
041 _aEnglish
082 _a822.09
_bBEN
100 _aBentley, Gerald Eades
245 4 _aThe Jacoben and Caroline stage
_b dramatic companies and players
_cGerald Eades Bentley
250 _a1st ed.
260 _aOxford
_bClaredon Press
_c1941
300 _aV.1
650 _aEnglish drama - history and criticism
850 _aLCLIB
942 _cBK
999 _c22329
_d72808